Dastaan eman faroshon ki part 1 (Record no. 11494)
[ view plain ]
| 000 -LEADER | |
|---|---|
| fixed length control field | 00436nam a22001817a 4500 |
| 003 - CONTROL NUMBER IDENTIFIER | |
| control field | NUST |
| 038 ## - RECORD CONTENT LICENSOR | |
| Staff Name | وسیم |
| 082 ## - DEWEY DECIMAL CLASSIFICATION NUMBER | |
| Classification number | 891.4393 |
| 100 ## - MAIN ENTRY--PERSONAL NAME | |
| Personal name | Altamash |
| 9 (RLIN) | 88532 |
| 245 ## - TITLE STATEMENT | |
| Title | Dastaan eman faroshon ki part 1 |
| 260 ## - PUBLICATION, DISTRIBUTION, ETC. | |
| Place of publication, distribution, etc. | Lahore, |
| Name of publisher, distributor, etc. | Ilm o irfan publishers |
| Date of publication, distribution, etc. | 2011 |
| 300 ## - PHYSICAL DESCRIPTION | |
| Extent | 248 p. : |
| 563 ## - BINDING INFORMATION | |
| Binding note | HBK |
| 650 ## - SUBJECT ADDED ENTRY--TOPICAL TERM | |
| Topical term or geographic name entry element | Urdu literature |
| 9 (RLIN) | 88533 |
| 700 ## - ADDED ENTRY--PERSONAL NAME | |
| Personal name | Altamash |
| 9 (RLIN) | 88532 |
| 880 ## - ALTERNATE GRAPHIC REPRESENTATION | |
| Linkage | 100-01\(3\r |
| Title | التمش |
| 942 ## - ADDED ENTRY ELEMENTS (KOHA) | |
| Koha item type | Book |
| Source of classification or shelving scheme | |
| Withdrawn status | Lost status | Source of classification or shelving scheme | Damaged status | Not for loan | Permanent Location | Current Location | Date acquired | Source of acquisition | Total Checkouts | Total Renewals | Full call number | Barcode | Date last seen | Date last checked out | Price effective from | Koha item type |
|---|---|---|---|---|---|---|---|---|---|---|---|---|---|---|---|---|
| Central Library (CL) | Central Library (CL) | 11/12/2021 | Donated by Muhammad Saad Shahid, BS-CS1-6 SEECS | 6 | 5 | 891.4393 ALT | CL-D-1408 | 12/19/2024 | 11/20/2024 | 11/12/2021 | Book |
